Zamestnateľnosť absolventov vysokých škôl ekonomického zamerania a význam mäkkých kompetencií v praxi dizertačná práca

Na minha lista:
Detalhes bibliográficos
Autor principal: Kolláriková, Tímea
Autor Corporativo: Národohospodárska fakulta EU. Katedra sociálneho rozvoja a práce
Outros Autores: Rievajová, Eva
Formato: Livro
Idioma:eslovaco
Publicado em: Bratislava 2016
Assuntos:
Tags: Adicionar Tag
Sem tags, seja o primeiro a adicionar uma tag!

MARC

LEADER 00000nbm a2200000 4500
001 0222114
005 20240502073635.9
041 0 |a slo 
044 |a SK 
245 1 0 |a Zamestnateľnosť absolventov vysokých škôl ekonomického zamerania a význam mäkkých kompetencií v praxi  |b dizertačná práca  |c Tímea Kolláriková ; školiteľ: Eva Rievajová 
264 1 |a Bratislava  |c 2016 
300 |a 182 s. 
610 2 0 |a zamestnateľnosť 
610 2 0 |a trh práce 
610 2 0 |a kapitál ľudský 
610 2 0 |a absolventi 
610 2 0 |a školy vysoké 
610 2 0 |a ekonómia 
610 2 0 |a miesta pracovné 
100 1 |a Kolláriková, Tímea 
700 1 |a Rievajová, Eva 
710 2 |a Národohospodárska fakulta EU. Katedra sociálneho rozvoja a práce